000 00401nam a2200157 i 4500
001 bg
245 0 _aEntomologia a ochrona środowiska /
_cpod red. Henryka Sandnera.
260 _aWarszawa,
_c1976.
650 9 _aŚrodowisko człowieka
700 1 _aSandner, Henryk.
_eRed.
040 _cBPK
041 _apol
080 _a595.7:502.7
942 _cKS
008 s pl f |000 0 pol
999 _c17281
_d17281
856 _uhttp://koha.tu.koszalin.pl/cgi-bin/koha/opac-detail.pl?biblionumber=17281
_yKatalog online BPK